Numéro des joueurs du PSG 2024/2025 - Statistiques

Statistiques générales
  • Ce quiz a été pris 160 fois
  • Le résultat moyen est 16 sur 23
Statistiques - réponses
Numéro Joueur % Correct
1 Donnarumma
95%
2 Hakimi
94%
10 Dembélé
92%
5 Marquinhos
86%
9 Ramos
86%
7 Kvaratskhelia
85%
8 Ruiz
83%
14 Doué
82%
3 Kimpembe
78%
29 Barcola
77%
17 Vitinha
77%
33 Zaire-Emery
75%
25 Mendes
68%
87 Neves
67%
21 Hernandez
62%
19 Kang-In Lee
60%
51 Pacho
59%
24 Mayulu
53%
35 Beraldo
48%
80 Tenas
42%
39 Safonov
39%
42 Zague
38%
49 Mbaye
37%
Aucun quiz correspondant
Distribution des résultats
% des personnes avec chaque résultat
Percentile par nombre de réponses
Votre historique - résultats
Vous n’avez pas pris ce quiz